Moovottumallan katha (Record no. 54257)

MARC details
000 -LEADER
fixed length control field 00436nam a2200145Ia 4500
008 - FIXED-LENGTH DATA ELEMENTS--GENERAL INFORMATION
fixed length control field 211109s9999||||xx |||||||||||||| ||und||
082 ## - DEWEY DECIMAL CLASSIFICATION NUMBER
Classification number 398.2095483
Item number PAD.J
100 ## - MAIN ENTRY--PERSONAL NAME
Personal name Padmakumari, J
245 #0 - TITLE STATEMENT
Title Moovottumallan katha
260 ## - PUBLICATION, DISTRIBUTION, ETC.
Name of publisher, distributor, etc. STATE INSTITUTE OF LANGUAGE
Place of publication, distribution, etc. Thiruvananthapuram
Date of publication, distribution, etc. 2000
300 ## - PHYSICAL DESCRIPTION
Extent 73p
630 ## - SUBJECT ADDED ENTRY--UNIFORM TITLE
General subdivision General stack
650 ## - SUBJECT ADDED ENTRY--TOPICAL TERM
Topical term or geographic name entry element Thekkan Pattu
942 ## - ADDED ENTRY ELEMENTS (KOHA)
Koha item type BOOK
650 ## - SUBJECT ADDED ENTRY--TOPICAL TERM
Form subdivision Folk Literature
General subdivision FolkloreSocial SciencesMalayalam
Holdings
Withdrawn status Lost status Source of classification or shelving scheme Damaged status Not for loan Home library Current library Date acquired Cost, normal purchase price Full call number Barcode Shelving location Date last seen Price effective from Koha item type
    Dewey Decimal Classification     SB LIBRARY SB LIBRARY 09/11/2021 8.00 398.20954 PAD-M 00096661 GENERAL STACK 09/11/2021 09/11/2021 BOOK

Powered by Koha